|
|
|
|
| LEADER |
00890nam a22002412a 4500 |
| 001 |
000963359 |
| 003 |
CZ BrMZK |
| 005 |
20100118131613.0 |
| 007 |
ta |
| 008 |
090828s1961 xo a er|||||||||||slo d |
| 040 |
|
|
|a ABA001
|b cze
|c ABA001
|d ABA001
|
| 041 |
1 |
|
|a slo
|h cze
|
| 100 |
1 |
|
|a Maršálek, Josef
|7 jx20050609022
|4 aut
|
| 245 |
1 |
0 |
|a Kvetinárstvo pre odborné učilištia a učňovské školy :
|b učebný odbor zahradník - 1307 /
|c Josef Maršálek, Karel Rubeš ; [preložila Ľudmila Ambrušová]
|
| 250 |
|
|
|a 2. vyd.
|
| 260 |
|
|
|a Bratislava :
|b Slovenské pedagogické nakladateľstvo,
|c 1961
|
| 300 |
|
|
|a 237 s. :
|b il. ;
|c 8°
|
| 500 |
|
|
|a Přeloženo z češtiny
|
| 700 |
1 |
|
|a Rubeš, Karel
|7 jx20050826010
|4 aut
|
| 910 |
|
|
|a BOA001
|b 1-0440.565-61
|
| 990 |
|
|
|a BK
|
| 991 |
|
|
|b 200908
|
| 996 |
7 |
|
|b 2619430412
|c 1-0440.565-61
|l MZK
|r Sklad / do 1 hodiny
|n 0
|w 000963359
|u 000010
|a 1
|e BOA001
|j MZK50
|s A
|